Роман в литературах стран Центральной и Юго-Восточной Европы (Record no. 316935)

MARC details
000 -Лідер
fixed length control field 00712nam a22002417a 4500
001 - Контрольний номер
control field 30523
003 - Ідентифікатор контрольного номера
control field UA-OsUOA
005 - Дата та час останнього входження (трансакції)
control field 20220702102316.0
007 - Фіксоване поле фізичного опису
fixed length control field ta
008 - Елементи даних фіксованої довжини – загальна інформація
fixed length control field 20041111b un ||||| |||| 00| 0 ukr d
020 ## - Міжнародний стандартний книжковий номер (ISBN)
Міжнародний стандартний книжковий номер (ISBN) (НП) 5-12-001563-8
040 ## - Джерело каталогізації
Агенція оригінальної каталогізації UA-OsUOA
Мова каталогізації rus
Агенція, яка здійснювала перезапис UA-OsUOA
Агенція, яка здійснювала модифікацію UA-OsUOA
041 ## - Код мови
Код мови тексту/ звукової доріжки чи окремого заголовка (П) rus
044 ## - Код країни видавця/ виробника
Код країни видавця/ виробника (П) RU
080 ## - Індекс Універсальної десяткової класифікації
Індекс Універсальної десяткової класифікації (УДК) (НП) 82-31(4)
090 ## - Локальний шифр розміщення
Класифікаційний індекс УДК 82-31(4)
Авторський знак (НП) Р69
245 ## - Відомості про назву
Назва (НП) Роман в литературах стран Центральной и Юго-Восточной Европы
Решта назви (НП) сборник научных трудов
Дані про відповідальність (НП) ред. В. П. Ведина
260 ## - Публікація, розповсюдження і т.п. (Вихідні дані)
Місце публікації, розповсюдження і т.п. (П) Киев
Ім’я/ наймення видавництва, розповсюджувача і т.п. (П) Наукова думка
Дата публікації, розповсюдження і т.п. (П) 1990
300 ## - Фізичний опис
Обсяг 316 с.
650 #7 - Додаткове предметне введення – тематичний термін
Джерело заголовка чи терміна UDC
942 ## - Додаткові елементи входу (Коха)
Тип елемента Koha Books
Source of classification or shelving scheme Universal Decimal Classification
955 ## - Код типу видання за змістом
Код типу видання за змістом (НП) інше
Holdings
Стан вилучень Стан втрат Джерело класифікації або схеми стелажів Стан уражень Не для кредиту Постійне місце розташування Поточне розміщення Дата придбання Вартість, звичайна ціна покупки Інвентарний номер Усього замовленно Повний номер виклику Штрих-код Дата останнього перегляду Ціна ефективна від Тип елемента Koha
    Universal Decimal Classification     ЧЗ - Читальна зала ЧЗ - Читальна зала 11/11/2004 4.00 91059   82-31(4) Р69 91059 29/09/2021 11/11/2004 Books
    Universal Decimal Classification     ЧЗ - Читальна зала ЧЗ - Читальна зала 11/11/2004 1.00 91060   82-31(4) Р69 91060 29/09/2021 11/11/2004 Books
    Universal Decimal Classification     ЧЗ - Читальна зала ЧЗ - Читальна зала 11/11/2004 6.00 91061   82-31(4) Р69 91061 29/09/2021 11/11/2004 Books